000 01049cam a2200205 4500
001 WB3934-19
008 030910n2003 000 0 eng u
035 _a(Sirsi) u123543
245 _aNeighbourhoods to get more say over regeneration cash
260 _c2003
490 _aRegeneration and Renewal
_v 5 September 2003, 9(1)
520 _aScottish Executive's regeneration agency announces plans to devolve decisions on the allocation of regeneration resources to local people. This was further enhanced by guidance last week which showed how Scotland's 48 social inclusion partnerships will be integrated with community planning partnerships by 2005. For the full report: Integrating Social Inclusion Partnerships and Community Planning Partnerships: http://www.communitiesscotland.gov.uk/communities/upload/SIPsCPPs.pdf
590 _aWB
650 _aCOMMUNITIES SCOTLAND
650 _aSOCIAL INCLUSION PARTNERSHIPS
650 _aCOMMUNITY PLANNING PARTNERSHIPS
650 _aLOCAL COMMUNITIES
690 _aREGENERATION
942 _n0
999 _c73378
_d73378